000 00672cam a2200205 4500
001 ABS62018
008 000000n2000 000 0 eng u
035 _a(Sirsi) u105007
100 _aSmith, K.
245 _aCutting out the flab
260 _c2000
490 _aConstruction News
_v(6658) 23 March 2000, 10-11(2)
520 _aExplains the difficulties involved in putting lean construction into practice despite the scope it offers for reduced waste, increased profits and savings on whole-life costs.
590 _aABS
650 _aLEAN CONSTRUCTION
650 _aSAVINGS
650 _aPROFITS
690 _aBUILT ENVIRONMENT-BUILDING COSTS
942 _n0
999 _c62981
_d62981